The art science and craft of great landscape photography

Bibliographic Details
Main Author: Randall, Glenn
Format: Book
Published: California : Rocky Nook, Inc. , 2015
Subjects:

MARC

LEADER 00000cam a2200000 7i4500
001 0000204909
005 20160901.0
020 |a 9781937538477 
090 0 0 |a 770.92   |b RAN 
100 1 |a Randall, Glenn 
245 1 4 |a The art science and craft of great landscape photography   |c Glenn Randall 
260 |a California :   |b Rocky Nook, Inc. ,   |c 2015 
300 |a 232p. ;   |c 26cm. 
650 0 0 |a Landscape photography 
999 |a 00330546   |b BUKU   |c RUJUKAN   |e PERPUSTAKAAN KOMUNITI PETALING JAYA